James Gordon - Portrayals by Picture - Statistics

General Stats
  • This quiz has been taken 8 times
  • The average score is 3 of 27
Answer Stats
Picture Answer % Correct
Gary Oldman
83%
J.K. Simmons
50%
Jeffrey Wright
33%
Ben McKenzie
17%
Bob Hastings
17%
Bob Hastings
17%
Bryan Cranston
17%
Neil Hamilton
17%
Pat Hingle
17%
Ray Wise
17%
Billy Burke
0%
Chris Cox
0%
Christopher Meloni
0%
Corey Burton
0%
David Selby
0%
Fred Tatasciore
0%
Jim Meskimen
0%
Kurtwood Smith
0%
Lennie Weinrib
0%
Lyle Talbot
0%
Mitch Pileggi
0%
Murphy Guyer
0%
Richard Epcar
0%
Scott Patterson
0%
Tom Kane / David Kaye / Michael Gough / Jonathan Banks
0%
Tom Kenny
0%
Townsend Coleman / Héctor Elizondo / Keith Ferguson / Tom Kane
0%
No matching quizzes found
Score Distribution
Percent of People with Each Score
Percentile by Number Answered
Your Score History
You have not taken this quiz